<?xml version="1.0" encoding="UTF-8"?>
<record
    xmlns:xsi="http://www.w3.org/2001/XMLSchema-instance"
    xsi:schemaLocation="http://www.loc.gov/MARC21/slim http://www.loc.gov/standards/marcxml/schema/MARC21slim.xsd"
    xmlns="http://www.loc.gov/MARC21/slim">

  <leader>00942nam a22001937a 4500</leader>
  <controlfield tag="008">250324b        |||||||| |||| 00| 0 eng d</controlfield>
  <datafield tag="020" ind1=" " ind2=" ">
    <subfield code="a">9994698133</subfield>
  </datafield>
  <datafield tag="082" ind1=" " ind2=" ">
    <subfield code="2">23rd.</subfield>
    <subfield code="a">N305.5688</subfield>
    <subfield code="b">T639s</subfield>
  </datafield>
  <datafield tag="100" ind1="1" ind2=" ">
    <subfield code="a">&#x924;&#x93F;&#x92E;&#x94D;&#x938;&#x93F;&#x928;&#x93E;, &#x92E;&#x93E;&#x924;&#x943;&#x915;&#x93E;</subfield>
  </datafield>
  <datafield tag="241" ind1=" " ind2=" ">
    <subfield code="a">Sankhuwasabha jillama chuwachoot virodhi aandolan : itihasdekhi vartaman samma / Matrika Timsina.</subfield>
  </datafield>
  <datafield tag="245" ind1=" " ind2=" ">
    <subfield code="a">&#x938;&#x902;&#x916;&#x941;&#x935;&#x93E;&#x938;&#x92D;&#x93E; &#x91C;&#x93F;&#x932;&#x94D;&#x932;&#x93E;&#x92E;&#x93E; &#x91B;&#x941;&#x935;&#x93E;&#x91B;&#x942;&#x924; &#x935;&#x93F;&#x930;&#x93E;&#x947;&#x927;&#x940; &#x906;&#x928;&#x94D;&#x926;&#x93E;&#x947;&#x932;&#x928; :</subfield>
    <subfield code="b">&#x907;&#x924;&#x93F;&#x939;&#x93E;&#x938;&#x926;&#x947;&#x916;&#x93F; &#x935;&#x930;&#x94D;&#x924;&#x92E;&#x93E;&#x928;&#x938;&#x92E;&#x94D;&#x92E; /</subfield>
    <subfield code="c">&#x92E;&#x93E;&#x924;&#x943;&#x915;&#x93E; &#x924;&#x93F;&#x92E;&#x94D;&#x938;&#x93F;&#x928;&#x93E;.</subfield>
  </datafield>
  <datafield tag="260" ind1=" " ind2=" ">
    <subfield code="a">[s.l.] :</subfield>
    <subfield code="b">&#x930;&#x924;&#x94D;&#x928;&#x92E;&#x93E;&#x92F;&#x93E; &#x926;&#x932;&#x93F;&#x924; &#x938;&#x93E;&#x939;&#x93F;&#x924;&#x94D;&#x92F; &#x938;&#x902;&#x930;&#x915;&#x94D;&#x937;&#x923; &#x938;&#x92E;&#x93F;&#x924;&#x93F;,</subfield>
    <subfield code="c">&#x968;&#x966;&#x96C;&#x969;&#x935;&#x93F;.</subfield>
  </datafield>
  <datafield tag="300" ind1=" " ind2=" ">
    <subfield code="a">vi, 112p. : ill.</subfield>
  </datafield>
  <datafield tag="504" ind1=" " ind2=" ">
    <subfield code="a">Includes bibliography.</subfield>
  </datafield>
  <datafield tag="650" ind1=" " ind2=" ">
    <subfield code="a">&#x926;&#x932;&#x93F;&#x924;</subfield>
  </datafield>
  <datafield tag="650" ind1=" " ind2=" ">
    <subfield code="a">&#x926;&#x932;&#x93F;&#x924;&#x935;&#x93E;&#x926;</subfield>
  </datafield>
  <datafield tag="650" ind1=" " ind2=" ">
    <subfield code="a">Dalitism</subfield>
  </datafield>
  <datafield tag="942" ind1=" " ind2=" ">
    <subfield code="2">ddc</subfield>
    <subfield code="c">ISBN</subfield>
  </datafield>
  <datafield tag="999" ind1=" " ind2=" ">
    <subfield code="c">121020</subfield>
    <subfield code="d">121008</subfield>
  </datafield>
</record>
